Statistics for Footballers with Three Names

Click here to take the quiz!

General Stats

  • This quiz has been taken 49 times
  • The average score is 13 of 30

Answer Stats

Answer% Correct
K{evin} d{e} B{ruyne}
86%
T{rent} A{lexander}-A{rnold}
81%
R{obin} v{an} P{ersie}
79%
F{renkie} d{e} J{ong}
76%
L{uuk} d{e} J{ong}
76%
V{irgil} v{an} D{ijk}
76%
L{ouis} v{an} G{aal}
69%
F{rank} d{e} B{oer}
62%
R{uud} v{an} N{istelrooy}
60%
J{ames} W{ard}-P{rowse}
55%
O{le} G{unnar} S{olskjaer}
55%
A{aron} W{an}-B{issaka}
52%
E{rik} t{en} H{ag}
52%
M{atthijs} d{e} L{igt}
45%
D{ominic} C{alvert}-L{ewin}
40%
K{yle} W{alker}-P{eters}
40%
A{insley} M{aitland}-N{iles}
36%
C{allum} H{udson}-O{doi}
36%
E{mile} S{mith}-R{owe}
33%
G{iovanni} v{an} B{ronckhorst}
33%
A{ndré} V{illas}-B{oas}
29%
R{uben} L{oftus}-C{heek}
24%
J{immy} F{loyd} H{asselbaink}
21%
T{imothy} F{osu}-M{ensah}
21%
C{ameron} C{arter}-V{ickers}
19%
K{iernan} D{ewsbury}-H{all}
12%
A{lbert} S{ambi} L{okonga}
10%
A{lfredo} d{i} S{téfano}
10%
J{eff} R{eine}-A{delaide}
10%
V{icente} d{el} B{osque}
7%

Score Distribution

Percentile by Number Answered

Percent of People with Each Score

Your Score History

You have not taken this quiz